| 000 | 00452nam a2200169Ia 4500 | ||
|---|---|---|---|
| 008 | 230725s2015 xx 000 0 und d | ||
| 041 | _aeng | ||
| 082 |
_a615.190 _bSET/SET |
||
| 100 | _aSETHI P. D., SETHI RAJAT | ||
| 245 | _aHIGH PERFORMANCE LIQUID CHROMATOGRAPHY VOL 7 | ||
| 260 |
_bCBS PUBLICATION & DISTRIBUTORS _c2015 |
||
| 300 | _a528 | ||
| 365 | _h20 | ||
| 500 | _aTEXT BOOK | ||
| 501 | _aPQA | ||
| 650 | _aPHARMACEUTICAL QUALITY ASSURANCE | ||
| 999 |
_c756059 _d756059 |
||